[Event "DVM U16w 2024"]
[Site "Neumünster GER"]
[Date "2024.12.27"]
[Round "2"]
[White "Amelang, Jamie Alice"]
[Black "Grunert, Greta"]
[Result "0-1"]
[Termination "normal"]
[Board "6.2"]
[WhiteElo "1634"]
[BlackElo "1595"]
[WhiteClock "00:44:58"]
[BlackClock "01:07:55"]
[WhiteTeam "SG Leipzig"]
[BlackTeam "FC Bayern München 2"]
[PlyCount "82"]
[WhiteFideId "34605754"]
[BlackFideId "16258649"]
[EventCountry "GER"]
[EventRounds "7"]
[EventType "team-swiss"]
[EventDate "2024.12.26"]

1. e4 {[%clk 01:30:58]} c6 {[%clk 01:30:55]} {[%emt 00:00:06]} 2. d4 {[%clk
01:31:23]} {[%emt 00:00:04]} d5 {[%clk 01:31:21]} {[%emt 00:00:05]} 3. Nc3
{[%clk 01:31:46]} {[%emt 00:00:07]} dxe4 {[%clk 01:31:42]} {[%emt 00:00:08]} 4.
Nxe4 {[%clk 01:32:11]} {[%emt 00:00:07]} Bf5 {[%clk 01:32:02]} {[%emt
00:00:09]} 5. Ng3 {[%clk 01:32:32]} {[%emt 00:00:08]} Bg6 {[%clk 01:32:20]}
{[%emt 00:00:13]} 6. h4 {[%clk 01:32:54]} {[%emt 00:00:07]} h5 {[%clk
01:32:39]} {[%emt 00:00:11]} 7. Nf3 {[%clk 01:33:03]} {[%emt 00:00:22]} Nf6
{[%clk 01:32:07]} {[%emt 00:01:03]} 8. Bd3 {[%clk 01:33:10]} {[%emt 00:00:22]}
Bxd3 {[%clk 01:31:27]} {[%emt 00:01:10]} 9. Qxd3 {[%emt 00:00:08]} e6 {[%clk
01:30:53]} {[%emt 00:01:03]} 10. Bf4 {[%clk 01:33:44]} {[%emt 00:00:20]} Bd6
{[%clk 01:28:00]} {[%emt 00:03:22]} 11. Be5 {[%clk 01:22:01]} {[%emt 00:12:14]}
Bxe5 {[%clk 01:22:08]} {[%emt 00:06:21]} 12. Nxe5 {[%clk 01:22:19]} {[%emt
00:00:11]} Nbd7 {[%clk 01:19:50]} {[%emt 00:02:49]} 13. Nxd7 {[%emt 00:18:10]}
Qxd7 {[%clk 01:19:31]} {[%emt 00:00:45]} 14. Ne4 {[%clk 01:03:51]} {[%emt
00:01:21]} Nxe4 {[%clk 01:19:03]} {[%emt 00:00:59]} 15. Qxe4 {[%clk 01:04:03]}
{[%emt 00:00:18]} Qd5 {[%clk 01:18:39]} {[%emt 00:00:54]} 16. Qxd5 {[%clk
01:04:03]} {[%emt 00:00:30]} cxd5 {[%clk 01:18:36]} {[%emt 00:00:33]} 17. O-O-O
{[%clk 01:04:23]} {[%emt 00:00:10]} Rc8 {[%clk 01:18:01]} {[%emt 00:01:05]} 18.
c3 {[%clk 01:04:47]} {[%emt 00:00:06]} b5 {[%clk 01:16:59]} {[%emt 00:01:32]}
19. a3 {[%clk 01:04:14]} {[%emt 00:01:03]} a5 {[%clk 01:16:51]} {[%emt
00:00:38]} 20. Rd3 {[%clk 01:03:53]} {[%emt 00:00:51]} b4 {[%clk 01:16:52]}
{[%emt 00:00:29]} 21. Kc2 {[%clk 00:58:04]} {[%emt 00:06:19]} bxa3 {[%clk
01:15:27]} {[%emt 00:01:55]} 22. bxa3 {[%clk 00:55:30]} {[%emt 00:03:05]} O-O
{[%clk 01:15:01]} {[%emt 00:00:55]} 23. Rb1 {[%clk 00:55:16]} {[%emt 00:00:44]}
Rb8 {[%clk 01:14:06]} {[%emt 00:01:25]} 24. Rdd1 {[%clk 00:55:35]} {[%emt
00:00:11]} Rfc8 {[%emt 00:02:32]} 25. Rxb8 {[%clk 00:55:26]} {[%emt 00:00:22]}
Rxb8 {[%clk 01:12:44]} {[%emt 00:00:07]} 26. Rb1 {[%clk 00:55:53]} {[%emt
00:00:03]} Ra8 {[%clk 01:10:46]} {[%emt 00:02:27]} 27. Rb7 {[%clk 00:56:15]}
{[%emt 00:00:09]} Kf8 {[%clk 01:09:16]} {[%emt 00:02:01]} 28. Kb3 {[%clk
00:56:41]} {[%emt 00:00:04]} a4+ {[%clk 01:09:10]} {[%emt 00:00:36]} 29. Kb4
{[%clk 00:57:00]} {[%emt 00:00:10]} Rc8 {[%clk 01:07:36]} {[%emt 00:02:04]} 30.
Kxa4 {[%clk 00:53:05]} {[%emt 00:04:25]} Rxc3 {[%clk 01:07:52]} {[%emt
00:00:15]} 31. Rb3 {[%clk 00:53:20]} {[%emt 00:00:14]} Rxb3 {[%clk 01:07:19]}
{[%emt 00:01:03]} 32. Kxb3 {[%clk 00:53:44]} {[%emt 00:00:06]} Ke7 {[%clk
01:07:39]} {[%emt 00:00:10]} 33. Kb4 {[%clk 00:53:46]} {[%emt 00:00:28]} Kd7
{[%clk 01:07:59]} {[%emt 00:00:10]} 34. Kb5 {[%clk 00:54:06]} {[%emt 00:00:10]}
Kc7 {[%clk 01:08:14]} {[%emt 00:00:15]} 35. Kc5 {[%clk 00:54:16]} {[%emt
00:00:20]} Kb7 {[%clk 01:08:18]} {[%emt 00:00:26]} 36. Kd6 {[%clk 00:53:25]}
{[%emt 00:01:21]} Kb6 {[%clk 01:08:20]} {[%emt 00:00:28]} 37. f4 {[%clk
00:53:48]} {[%emt 00:00:07]} Kb5 {[%clk 01:08:05]} {[%emt 00:00:45]} 38. Ke7
{[%clk 00:54:02]} {[%emt 00:00:17]} Kc4 {[%clk 01:08:08]} {[%emt 00:00:25]} 39.
Kd6 {[%clk 00:44:05]} {[%emt 00:10:27]} Kxd4 {[%clk 01:07:57]} {[%emt
00:00:42]} 40. a4 {[%clk 00:44:32]} {[%emt 00:00:03]} Kc4 {[%clk 01:07:48]}
{[%emt 00:00:39]} 41. a5 {[%clk 00:44:58]} {[%emt 00:00:04]} Kb5 {[%clk
01:07:55]} {[%emt 00:00:23]} 0-1

[Event "DVM U16w 2024"]
[Site "Neumünster GER"]
[Date "2024.12.27"]
[Round "2"]
[White "Grey, Paula"]
[Black "Peglau, Lorena"]
[Result "1/2-1/2"]
[Termination "normal"]
[Board "6.3"]
[WhiteElo "1221"]
[BlackElo "1508"]
[WhiteClock "00:43:49"]
[BlackClock "01:19:21"]
[WhiteTeam "FC Bayern München 2"]
[BlackTeam "SG Leipzig"]
[PlyCount "80"]
[WhiteFideId "34630180"]
[BlackFideId "16290542"]
[EventCountry "GER"]
[EventRounds "7"]
[EventType "team-swiss"]
[EventDate "2024.12.26"]

1. e4 {[%clk 01:30:57]} {[%emt 00:00:02]} e6 {[%clk 01:30:58]} {[%emt
00:00:03]} 2. d4 {[%clk 01:31:20]} {[%emt 00:00:07]} d5 {[%clk 01:31:24]}
{[%emt 00:00:03]} 3. exd5 {[%clk 01:31:39]} {[%emt 00:00:11]} exd5 {[%clk
01:31:47]} {[%emt 00:00:07]} 4. Nc3 {[%clk 01:31:31]} {[%emt 00:00:38]} Nf6
{[%clk 01:32:10]} {[%emt 00:00:07]} 5. Nf3 {[%clk 01:30:32]} {[%emt 00:01:29]}
Bf5 {[%clk 01:32:24]} {[%emt 00:00:17]} 6. Bd3 {[%clk 01:29:00]} {[%emt
00:02:02]} Bg4 {[%clk 01:32:44]} {[%emt 00:00:10]} 7. h3 {[%clk 01:28:46]}
{[%emt 00:00:43]} Bh5 {[%clk 01:33:06]} {[%emt 00:00:09]} 8. Bf4 {[%clk
01:27:25]} {[%emt 00:01:50]} Bd6 {[%clk 01:33:19]} {[%emt 00:00:17]} 9. Bxd6
{[%clk 01:26:20]} {[%emt 00:01:35]} Qxd6 {[%clk 01:33:41]} {[%emt 00:00:09]}
10. Qe2+ {[%clk 01:23:27]} {[%emt 00:03:23]} Qe7 {[%clk 01:33:35]} {[%emt
00:00:36]} 11. Nb5 {[%clk 01:21:11]} {[%emt 00:02:45]} Qxe2+ {[%clk 01:30:27]}
{[%emt 00:03:39]} 12. Bxe2 {[%clk 01:21:09]} {[%emt 00:00:32]} Kd8 {[%clk
01:30:06]} {[%emt 00:00:51]} 13. O-O {[%clk 01:19:43]} {[%emt 00:01:55]} Re8
{[%clk 01:30:00]} {[%emt 00:00:36]} 14. Rfe1 {[%clk 01:17:58]} {[%emt
00:02:16]} Nbd7 {[%clk 01:28:51]} {[%emt 00:01:39]} 15. Nc3 {[%clk 01:14:02]}
{[%emt 00:04:26]} c6 {[%clk 01:28:45]} {[%emt 00:00:36]} 16. Ng5 {[%clk
01:10:43]} {[%emt 00:03:49]} Bg6 {[%clk 01:28:43]} {[%emt 00:00:32]} 17. Bd3
{[%clk 01:10:10]} {[%emt 00:01:02]} Re7 {[%clk 01:27:02]} {[%emt 00:02:12]} 18.
Rxe7 {[%clk 01:05:41]} {[%emt 00:04:58]} Kxe7 {[%clk 01:27:21]} {[%emt
00:00:11]} 19. Re1+ {[%clk 01:05:50]} {[%emt 00:00:21]} Kf8 {[%clk 01:27:44]}
{[%emt 00:00:07]} 20. Bxg6 {[%clk 01:04:43]} {[%emt 00:01:37]} hxg6 {[%clk
01:28:05]} {[%emt 00:00:10]} 21. Nf3 {[%clk 01:02:30]} {[%emt 00:02:43]} Re8
{[%clk 01:28:20]} {[%emt 00:00:15]} 22. Ne5 {[%clk 01:02:08]} {[%emt 00:00:51]}
Re7 {[%clk 01:24:48]} {[%emt 00:04:03]} 23. Nxd7+ {[%clk 00:59:02]} {[%emt
00:03:36]} Nxd7 {[%clk 01:24:50]} {[%emt 00:00:28]} 24. Rxe7 {[%clk 00:58:11]}
{[%emt 00:01:20]} Kxe7 {[%clk 01:25:15]} {[%emt 00:00:06]} 25. Kh2 {[%clk
00:56:58]} {[%emt 00:01:42]} f5 {[%clk 01:25:29]} {[%emt 00:00:17]} 26. f4
{[%clk 00:56:37]} {[%emt 00:00:51]} Nf6 {[%clk 01:25:29]} {[%emt 00:00:30]} 27.
Ne2 {[%clk 00:56:00]} {[%emt 00:01:07]} Ke6 {[%clk 01:25:15]} {[%emt 00:00:44]}
28. Kg3 {[%clk 00:52:42]} {[%emt 00:03:47]} Ne4+ {[%clk 01:24:51]} {[%emt
00:00:54]} 29. Kh4 {[%clk 00:51:50]} {[%emt 00:01:21]} Kf6 {[%clk 01:24:54]}
{[%emt 00:00:29]} 30. g4 {[%clk 00:51:41]} {[%emt 00:00:38]} a6 {[%clk
01:23:56]} {[%emt 00:01:29]} 31. g5+ {[%clk 00:51:04]} {[%emt 00:01:06]} Ke6
{[%clk 01:24:13]} {[%emt 00:00:13]} 32. Ng3 {[%clk 00:48:57]} {[%emt 00:02:37]}
Kd6 {[%clk 01:23:12]} {[%emt 00:01:31]} 33. Nxe4+ {[%clk 00:47:03]} {[%emt
00:02:24]} dxe4 {[%clk 01:23:33]} {[%emt 00:00:09]} 34. c4 {[%clk 00:46:49]}
{[%emt 00:00:44]} b5 {[%clk 01:23:25]} {[%emt 00:00:39]} 35. b3 {[%clk
00:46:51]} {[%emt 00:00:28]} a5 {[%clk 01:23:18]} {[%emt 00:00:36]} 36. Kg3
{[%clk 00:46:39]} {[%emt 00:00:42]} a4 {[%clk 01:20:32]} {[%emt 00:03:17]} 37.
Kf2 {[%clk 00:46:14]} {[%emt 00:00:54]} axb3 {[%clk 01:20:32]} {[%emt
00:00:30]} 38. axb3 {[%clk 00:46:08]} {[%emt 00:00:36]} bxc4 {[%clk 01:20:09]}
{[%emt 00:00:53]} 39. bxc4 {[%clk 00:46:16]} {[%emt 00:00:22]} Ke6 {[%clk
01:19:10]} {[%emt 00:01:29]} 40. Ke3 {[%clk 00:43:49]} {[%emt 00:02:57]} Kd6
{[%clk 01:19:21]} {[%emt 00:00:20]} 1/2-1/2

[Event "DVM U16w 2024"]
[Site "Neumünster GER"]
[Date "2024.12.27"]
[Round "2"]
[White "Stepanjan, Marianne"]
[Black "Fetahovic, Sarah"]
[Result "1/2-1/2"]
[Termination "normal"]
[Board "7.1"]
[WhiteElo "1779"]
[BlackElo "1739"]
[WhiteClock "00:00:57"]
[BlackClock "00:00:35"]
[WhiteTeam "TuRa Harksheide 1945 Norderstedt"]
[BlackTeam "SG Solingen"]
[PlyCount "72"]
[WhiteFideId "16246110"]
[BlackFideId "34601546"]
[EventCountry "GER"]
[EventRounds "7"]
[EventType "team-swiss"]
[EventDate "2024.12.26"]

1. e4 {[%clk 01:30:58]} {[%emt 00:00:01]} e5 {[%clk 01:30:53]} {[%emt
00:00:08]} 2. Nf3 {[%clk 01:31:25]} {[%emt 00:00:03]} Nc6 {[%clk 01:31:11]}
{[%emt 00:00:11]} 3. Bb5 {[%clk 01:31:51]} {[%emt 00:00:04]} a6 {[%clk
01:31:30]} {[%emt 00:00:11]} 4. Ba4 {[%clk 01:32:17]} {[%emt 00:00:05]} Nf6
{[%clk 01:31:42]} {[%emt 00:00:17]} 5. O-O {[%clk 01:32:41]} {[%emt 00:00:06]}
Nxe4 {[%clk 01:31:35]} {[%emt 00:00:37]} 6. d4 {[%clk 01:32:38]} {[%emt
00:00:32]} exd4 {[%clk 01:30:56]} {[%emt 00:01:09]} 7. Re1 {[%clk 01:25:55]}
{[%emt 00:07:12]} d5 {[%clk 01:29:57]} {[%emt 00:01:28]} 8. Nxd4 {[%clk
01:19:58]} {[%emt 00:06:27]} Bd6 {[%clk 01:23:02]} {[%emt 00:07:25]} 9. g3
{[%clk 01:07:51]} {[%emt 00:12:37]} O-O {[%clk 00:34:52]} {[%emt 00:48:40]} 10.
Nxc6 {[%clk 01:02:41]} {[%emt 00:05:40]} Qf6 {[%clk 00:17:41]} {[%emt
00:17:41]} 11. Rxe4 {[%clk 00:42:54]} {[%emt 00:20:17]} dxe4 {[%clk 00:17:31]}
{[%emt 00:00:41]} 12. Nc3 {[%clk 00:15:38]} {[%emt 00:27:46]} bxc6 {[%clk
00:08:45]} {[%emt 00:09:16]} 13. Nxe4 {[%clk 00:13:57]} {[%emt 00:02:11]} Qe5
{[%clk 00:06:12]} {[%emt 00:03:03]} 14. Bxc6 {[%clk 00:13:48]} {[%emt
00:00:39]} Rb8 {[%clk 00:06:35]} {[%emt 00:00:07]} 15. c3 {[%clk 00:12:36]}
{[%emt 00:01:42]} Rb6 {[%clk 00:04:32]} {[%emt 00:02:33]} 16. Bd5 {[%clk
00:08:36]} {[%emt 00:04:29]} Be6 {[%clk 00:03:06]} {[%emt 00:01:55]} 17. Bxe6
{[%clk 00:06:56]} {[%emt 00:02:11]} Qxe4 {[%clk 00:01:48]} {[%emt 00:01:48]}
18. Bd5 {[%clk 00:07:10]} {[%emt 00:00:16]} Qe7 {[%clk 00:01:45]} {[%emt
00:00:33]} 19. b4 {[%clk 00:06:59]} {[%emt 00:00:42]} Rd8 {[%clk 00:01:11]}
{[%emt 00:01:03]} 20. Be3 {[%clk 00:06:37]} {[%emt 00:00:51]} Rbb8 {[%clk
00:01:07]} {[%emt 00:00:36]} 21. Ba7 {[%clk 00:05:20]} {[%emt 00:01:47]} Rbc8
{[%clk 00:00:43]} {[%emt 00:00:54]} 22. Bb7 {[%clk 00:02:55]} {[%emt 00:02:55]}
Bc5 {[%clk 00:00:50]} {[%emt 00:00:22]} 23. Qg4 {[%clk 00:01:36]} {[%emt
00:01:46]} Bxa7 {[%clk 00:01:15]} {[%emt 00:00:09]} 24. Bxc8 {[%clk 00:02:00]}
{[%emt 00:00:06]} Rd2 {[%clk 00:01:08]} {[%emt 00:00:36]} 25. Rf1 {[%clk
00:01:12]} {[%emt 00:01:19]} Qf6 {[%clk 00:01:29]} {[%emt 00:00:09]} 26. Qf4
{[%clk 00:01:04]} {[%emt 00:00:30]} Qxf4 {[%clk 00:01:01]} {[%emt 00:01:06]}
27. gxf4 {[%clk 00:01:31]} {[%emt 00:00:03]} Rxa2 {[%clk 00:00:56]} {[%emt
00:00:35]} 28. Kg2 {[%clk 00:01:39]} {[%emt 00:00:22]} Rc2 {[%clk 00:00:57]}
{[%emt 00:00:30]} 29. Bxa6 {[%clk 00:02:00]} {[%emt 00:00:10]} Rxc3 {[%clk
00:00:54]} {[%emt 00:00:32]} 30. Re1 {[%clk 00:02:05]} {[%emt 00:00:26]} Kf8
{[%clk 00:00:42]} {[%emt 00:00:42]} 31. Bb5 {[%clk 00:02:18]} {[%emt 00:00:16]}
c6 {[%clk 00:00:52]} {[%emt 00:00:22]} 32. Ba4 {[%clk 00:02:16]} {[%emt
00:00:29]} Bb6 {[%clk 00:00:44]} {[%emt 00:00:40]} 33. f3 {[%clk 00:01:45]}
{[%emt 00:01:00]} g6 {[%clk 00:00:38]} {[%emt 00:00:36]} 34. Re2 {[%clk
00:01:54]} {[%emt 00:00:21]} Bc7 {[%clk 00:00:34]} {[%emt 00:00:34]} 35. Re4
{[%clk 00:01:32]} {[%emt 00:00:52]} Rc1 {[%clk 00:00:39]} {[%emt 00:00:26]} 36.
h4 {[%clk 00:00:57]} {[%emt 00:01:05]} Bd8 {[%clk 00:00:35]} {[%emt 00:00:34]}
1/2-1/2

[Event "DVM U16w 2024"]
[Site "Neumünster GER"]
[Date "2024.12.27"]
[Round "2"]
[White "Dhanasekaran Meenambigai, Diya"]
[Black "Petrosyan, Ani"]
[Result "0-1"]
[Termination "normal"]
[Board "7.2"]
[WhiteElo "1568"]
[BlackElo "1683"]
[WhiteClock "01:15:43"]
[BlackClock "00:22:09"]
[WhiteTeam "SG Solingen"]
[BlackTeam "TuRa Harksheide 1945 Norderstedt"]
[PlyCount "142"]
[WhiteFideId "34611924"]
[BlackFideId "16248015"]
[EventCountry "GER"]
[EventRounds "7"]
[EventType "team-swiss"]
[EventDate "2024.12.26"]

1. d4 {[%clk 01:30:58]} {[%emt 00:00:01]} d5 {[%clk 01:30:54]} {[%emt
00:00:07]} 2. Nc3 {[%clk 01:31:23]} {[%emt 00:00:05]} Nf6 {[%clk 01:31:17]}
{[%emt 00:00:06]} 3. Bf4 {[%clk 01:31:43]} {[%emt 00:00:10]} Bf5 {[%clk
01:31:02]} {[%emt 00:00:45]} 4. e3 {[%clk 01:31:24]} {[%emt 00:00:49]} e6
{[%clk 01:31:17]} {[%emt 00:00:15]} 5. Nb5 {[%clk 01:30:26]} {[%emt 00:01:28]}
Na6 {[%clk 01:29:53]} {[%emt 00:01:55]} 6. Bd3 {[%clk 01:27:46]} {[%emt
00:03:08]} Bxd3 {[%clk 01:28:48]} {[%emt 00:01:36]} 7. cxd3 {[%clk 01:27:58]}
{[%emt 00:00:18]} Bb4+ {[%clk 01:27:50]} {[%emt 00:01:27]} 8. Nc3 {[%clk
01:28:06]} {[%emt 00:00:23]} O-O {[%clk 01:27:23]} {[%emt 00:00:56]} 9. Nf3
{[%clk 01:28:15]} {[%emt 00:00:21]} Rc8 {[%clk 01:22:24]} {[%emt 00:05:29]} 10.
O-O {[%clk 01:27:37]} {[%emt 00:01:08]} c6 {[%clk 01:18:53]} {[%emt 00:04:01]}
11. a3 {[%clk 01:27:45]} {[%emt 00:00:23]} Be7 {[%clk 01:16:39]} {[%emt
00:02:44]} 12. h3 {[%clk 01:27:47]} {[%emt 00:00:27]} Qb6 {[%clk 01:13:36]}
{[%emt 00:03:33]} 13. b4 {[%clk 01:25:16]} {[%emt 00:03:01]} Nc7 {[%clk
01:10:34]} {[%emt 00:03:31]} 14. Ne5 {[%clk 01:21:39]} {[%emt 00:04:07]} Nb5
{[%clk 01:04:29]} {[%emt 00:06:36]} 15. Na4 {[%clk 01:19:20]} {[%emt 00:02:49]}
Qd8 {[%clk 01:03:34]} {[%emt 00:01:26]} 16. Qb3 {[%clk 01:18:35]} {[%emt
00:01:14]} Nd7 {[%clk 01:02:18]} {[%emt 00:01:45]} 17. Nxd7 {[%clk 01:16:55]}
{[%emt 00:02:11]} Qxd7 {[%clk 01:02:38]} {[%emt 00:00:10]} 18. Nc5 {[%clk
01:16:23]} {[%emt 00:01:03]} Bxc5 {[%clk 01:00:39]} {[%emt 00:02:29]} 19. bxc5
{[%clk 01:16:22]} {[%emt 00:00:31]} f6 {[%clk 00:43:52]} {[%emt 00:17:17]} 20.
a4 {[%clk 01:16:19]} {[%emt 00:00:34]} Nc7 {[%clk 00:43:51]} {[%emt 00:00:30]}
21. Qxb7 {[%clk 01:16:01]} {[%emt 00:00:48]} e5 {[%clk 00:43:29]} {[%emt
00:00:52]} 22. dxe5 {[%clk 01:15:53]} {[%emt 00:00:37]} Rb8 {[%clk 00:43:03]}
{[%emt 00:00:56]} 23. Qxa7 {[%clk 01:14:48]} {[%emt 00:01:35]} Ra8 {[%clk
00:42:37]} {[%emt 00:00:57]} 24. e6 {[%clk 01:15:08]} {[%emt 00:00:10]} Rxa7
{[%clk 00:42:24]} {[%emt 00:00:44]} 25. exd7 {[%clk 01:15:30]} {[%emt
00:00:07]} Ne6 {[%clk 00:42:34]} {[%emt 00:00:19]} 26. Bd6 {[%clk 01:15:32]}
{[%emt 00:00:28]} Rfa8 {[%clk 00:42:09]} {[%emt 00:00:55]} 27. Rfb1 {[%clk
01:15:24]} {[%emt 00:00:38]} Rxd7 {[%clk 00:41:50]} {[%emt 00:00:49]} 28. d4
{[%clk 01:14:55]} {[%emt 00:00:59]} Kf7 {[%clk 00:40:30]} {[%emt 00:01:50]} 29.
Rb6 {[%clk 01:12:24]} {[%emt 00:02:59]} Nd8 {[%clk 00:39:51]} {[%emt 00:01:11]}
30. a5 {[%clk 01:09:58]} {[%emt 00:02:55]} Rda7 {[%clk 00:37:56]} {[%emt
00:02:23]} 31. a6 {[%clk 01:08:54]} {[%emt 00:01:37]} Ke8 {[%clk 00:30:07]}
{[%emt 00:08:19]} 32. Rb8 {[%clk 01:05:22]} {[%emt 00:04:01]} Kd7 {[%clk
00:25:42]} {[%emt 00:04:55]} 33. Rxa8 {[%clk 01:04:42]} {[%emt 00:01:11]} Rxa8
{[%clk 00:26:08]} {[%emt 00:00:04]} 34. a7 {[%clk 01:04:55]} {[%emt 00:00:17]}
Ne6 {[%clk 00:22:23]} {[%emt 00:04:15]} 35. Bb8 {[%clk 01:04:06]} {[%emt
00:01:19]} Nc7 {[%clk 00:22:37]} {[%emt 00:00:16]} 36. g4 {[%clk 01:03:51]}
{[%emt 00:00:44]} Nb5 {[%clk 00:21:30]} {[%emt 00:01:39]} 37. Ra6 {[%clk
01:03:44]} {[%emt 00:00:35]} g5 {[%clk 00:17:18]} {[%emt 00:04:44]} 38. f4
{[%clk 01:02:25]} {[%emt 00:01:49]} gxf4 {[%clk 00:17:29]} {[%emt 00:00:19]}
39. exf4 {[%clk 01:02:48]} {[%emt 00:00:06]} Nxd4 {[%clk 00:17:27]} {[%emt
00:00:33]} 40. f5 {[%clk 01:02:30]} {[%emt 00:00:48]} h6 {[%clk 00:16:12]}
{[%emt 00:01:45]} 41. Kf2 {[%clk 01:00:30]} {[%emt 00:02:29]} Nb5 {[%clk
00:14:38]} {[%emt 00:02:05]} 42. Ke3 {[%clk 00:59:29]} {[%emt 00:01:30]} Nc7
{[%clk 00:09:25]} {[%emt 00:05:42]} 43. Bxc7 {[%clk 00:56:19]} {[%emt
00:03:42]} Kxc7 {[%clk 00:09:49]} {[%emt 00:00:06]} 44. h4 {[%clk 00:56:38]}
{[%emt 00:00:10]} Kb7 {[%clk 00:05:03]} {[%emt 00:05:16]} 45. Ra4 {[%clk
00:56:24]} {[%emt 00:00:42]} Re8+ {[%clk 00:04:23]} {[%emt 00:01:10]} 46. Kf4
{[%clk 00:53:53]} {[%emt 00:03:00]} Ka8 {[%clk 00:03:36]} {[%emt 00:01:20]} 47.
g5 {[%clk 00:52:23]} {[%emt 00:02:00]} hxg5+ {[%clk 00:20:27]} {[%emt
00:13:39]} 48. hxg5 {[%clk 01:22:44]} {[%emt 00:00:10]} fxg5+ {[%clk 00:20:20]}
{[%emt 00:00:37]} 49. Kxg5 {[%clk 01:23:02]} {[%emt 00:00:12]} Rd8 {[%clk
00:20:32]} {[%emt 00:00:17]} 50. Rd4 {[%clk 01:22:54]} {[%emt 00:00:37]} Kxa7
{[%clk 00:20:58]} {[%emt 00:00:06]} 51. f6 {[%clk 01:23:14]} {[%emt 00:00:09]}
Ka6 {[%clk 00:19:38]} {[%emt 00:01:51]} 52. f7 {[%clk 01:22:52]} {[%emt
00:00:51]} Kb5 {[%clk 00:19:43]} {[%emt 00:00:26]} 53. Kf6 {[%clk 01:23:07]}
{[%emt 00:00:15]} Kxc5 {[%clk 00:19:47]} {[%emt 00:00:27]} 54. Ke7 {[%clk
01:23:03]} {[%emt 00:00:33]} Ra8 {[%clk 00:20:12]} {[%emt 00:00:05]} 55. Rd1
{[%clk 01:22:53]} {[%emt 00:00:39]} d4 {[%clk 00:20:08]} {[%emt 00:00:35]} 56.
Rc1+ {[%clk 01:22:36]} {[%emt 00:00:47]} Kd5 {[%clk 00:20:29]} {[%emt
00:00:10]} 57. f8=Q {[%clk 01:22:41]} {[%emt 00:00:24]} Rxf8 {[%clk 00:20:56]}
{[%emt 00:00:03]} 58. Kxf8 {[%clk 01:23:02]} {[%emt 00:00:09]} c5 {[%clk
00:21:23]} {[%emt 00:00:04]} 59. Ke7 {[%clk 01:23:21]} {[%emt 00:00:11]} d3
{[%clk 00:21:06]} {[%emt 00:00:47]} 60. Rd1 {[%clk 01:23:24]} {[%emt 00:00:26]}
Kd4 {[%clk 00:21:25]} {[%emt 00:00:12]} 61. Kd6 {[%clk 01:20:22]} {[%emt
00:03:31]} c4 {[%clk 00:21:50]} {[%emt 00:00:06]} 62. Kc6 {[%clk 01:19:55]}
{[%emt 00:00:57]} c3 {[%clk 00:22:07]} {[%emt 00:00:12]} 63. Rh1 {[%clk
01:19:18]} {[%emt 00:01:08]} c2 {[%clk 00:21:56]} {[%emt 00:00:41]} 64. Kb5
{[%clk 01:19:03]} {[%emt 00:00:44]} Kc3 {[%clk 00:22:03]} {[%emt 00:00:23]} 65.
Kc5 {[%clk 01:19:02]} {[%emt 00:00:33]} d2 {[%clk 00:21:24]} {[%emt 00:01:09]}
66. Rh3+ {[%clk 01:16:32]} {[%emt 00:02:59]} Kb2 {[%clk 00:21:47]} {[%emt
00:00:07]} 67. Kb4 {[%clk 01:15:54]} {[%emt 00:01:08]} d1=Q {[%clk 00:21:05]}
{[%emt 00:01:12]} 68. Rb3+ {[%clk 01:16:02]} {[%emt 00:00:23]} Kc1 {[%clk
00:21:30]} {[%emt 00:00:05]} 69. Kc3 {[%clk 01:15:13]} {[%emt 00:01:18]} Qf3+
{[%clk 00:21:24]} {[%emt 00:00:36]} 70. Kb4 {[%clk 01:15:24]} {[%emt 00:00:19]}
Qxb3+ {[%clk 00:21:44]} {[%emt 00:00:11]} 71. Kxb3 {[%clk 01:15:43]} {[%emt
00:00:11]} Kb1 {[%clk 00:22:09]} {[%emt 00:00:04]} 0-1